| 000 | 00485nam a2200193Ia 4500 | ||
|---|---|---|---|
| 008 | 170918s9999 xx 000 0 und d | ||
| 020 | _a9780613194891 | ||
| 050 | _bW815 1994 | ||
| 100 | _aWisniewski, David | ||
| 245 | 4 | _aThe wave of the sea-wolf / | |
| 245 | _cstory and pictures by David Wisniewski. | ||
| 260 | _aNew York : | ||
| 260 | _bClarion Books, | ||
| 260 | _c1994 | ||
| 300 | _aunpaged : | ||
| 300 | _bcolored illustration ; | ||
| 300 | _c28cm. | ||
| 500 | _a620 | ||
| 999 |
_c342912 _d342912 |
||